000 00395cam a2200169ua 4500
001 10004
008 141112n2000 II |||gr||||Z||||||eng
040 _aMAIN
041 _aEnglish
082 _a547 MOR
100 _aMORISON, R. B.
245 _aORGANIC CHEMISTRY
260 _aNEW DELHI
_bPRENTICE HALL OF INDIA
_c2000
300 _a1278.:
_c26CM.
653 _aOrganic chemistry
942 _cBK
999 _c9975
_d9975